000
00250nam a22001097a 4500
999
_c
57948
_d
57945
082
_a
621.31HUG
100
_a
Hugher E
245
_a
Electrical and electronics technology
260
_a
New Delhi
_b
Pearson Education
_c
2009
300
_a
936
942
_c
BK